Movies Quiz

Random Movies or Actor Quiz

Horse Movies Quiz Stats

 Plays Quiz Updated Feb 13, 2020

Support Sporcle.
Go Orange.
Score 0/18 Timer 08:00
1 Play Today
Year/Plot Movie % Correct
2003 True story of the undersized Depression-era racehorse whose victories lifted not only the spirits of the team behind it but also those of their nation.Seabiscuit
76.6%
1994 The fates of horses, and the people who own and command them, are revealed as a horse narrates the circle of his life. Black Beauty
73%
2010 True story of Penny Chenery, owner of the racehorse who won the Triple Crown in 1973. Secretariat
59.2%
1998 The mother of a severely traumatized daughter enlists the aid of a unique horse trainer to help the girl's equally injured horse. The Horse Whisperer
52.6%
2004 Set in 1890, this is the story of a Pony Express courier who travels to Arabia to compete with his horse, Hidalgo, in a dangerous race called the Ocean of Fire.Hidalgo
51.2%
2005 An abandoned zebra grows up believing he is a racehorse.Racing Stripes
48.5%
1944 A jaded former jockey helps a young girl prepare a wild but gifted horse for England's Grand National Sweepstakes. National Velvet
44.5%
2002 As a wild stallion travels across the frontiers of the Old West, he befriends a young human and finds true love with a mare. (animated)Spirit: Stallion of the Cimarron
41.8%
1979 While traveling with his father, young Alec becomes fascinated by a mysterious Arabian stallion.The Black Stallion
41.4%
Year/Plot Movie % Correct
2006 Young Katy claims a wild horse as her own -- an effort to prove to her father that she is capable of one day taking over the family ranch. Flicka
33.1%
1982 Jim Craig has lived his first 18 years in the mountains of Australia on his father's farm, until the death of his father.The Man from Snowy River
12.8%
1983 The true story of a Australian racehorse that becomes a champion with the help of a local stableboy. Phar Lap
11.3%
1979 Sonny Steele used to be a rodeo star, but his next appearance is to be on a Las Vegas stage, wearing a suit covered in lights.The Electric Horseman
9.9%
1937 A vet posing as a doctor, a race horse owner and his friends struggle to help keep a sanitarium open with the help of a misfit racehorse. A Day at the Races
8%
1963 In WWII Austria, Col. Alois Podhajsky must protect his beloved Lipizzaner stallions.Miracle of the White Stallions
4%
1985 Charlie is a 16-year-old orphan struggling to raise her two younger brothers when she endeavors to train a wild horse and turn him into an Olympic jumping champion. Sylvester
3.3%
2002 A teenage girl, trying to come to grips with the death of her mother in a horse-riding accident, nurtures the foal of her mother's horse. Virginia's Run
3.1%
1949 Horse trainer Shawn O'Hara and his lovely niece, Margaret, come to America to escape the memory of an accident involving Margaret's brother... The Story of Seabiscuit
2.7%

From the Vault

4-to-1 Countries by Beginning and Ending Letters V

by sproutcm

The letters in between are largely unimportant, we promise.
Remove Ads.
Support Sporcle.
Get the best of Sporcle when you Go Orange. This ad-free experience offers more features, more stats, and more fun while also helping to support Sporcle. Thank you for becoming a member.

Show Comments

Extras

Top Quizzes Today


Score Distribution

Your Account Isn't Verified!

In order to create a playlist on Sporcle, you need to verify the email address you used during registration. Go to your Sporcle Settings to finish the process.

Report this User

Report this user for behavior that violates our Community Guidelines.

Details: